Дело об уплате Санкт-Петербургской городской думе денег за освещение фонарей у мест, Гоф-интендантскому ведомству принадлежащих,...

Доступно только в Электронных читальных залах Найти на картеНа карте
RUSMARC
00003674nmc2a22002413x 450
001d254f005-357e-432d-a53a-69da97094e7c
00520231107092456.0
100##$a20230531l18311833k l0rusy0189 ca
1010#$arus
102##$aRU
105##$ay###
1222#$ad
2001#$aДело об уплате Санкт-Петербургской городской думе денег за освещение фонарей у мест, Гоф-интендантскому ведомству принадлежащих, с 1 августа 1830 года по 1 августа 1831 года
$j28 декабря 1831 г. - 24 января 1833 г.
215##$a24 л.
$d36,5х26 см
251##$cДело
300##$aДело
371##$aДокумент не является опубликованным и широко распространяемым
461#0$1001625a9a7e-a890-4307-a7fe-826a2289a412
$12001
$aГоф-интенданская контора Министерства императорского двора
$1251
$cФонд
$1852
$j470
462#0$1001c460302a-4555-4b6a-acca-a8970d4b8fb6
$12001
$aОпись делам бывшей Гоф-интендантской конторы о выплате денег Городской думе
$1251
$cОпись
$1852
$j2
$l140-574
801#0$aRU
$bРГИА
$c20230531
$gRCR
801#1$aRU
$bГлавНИВЦ
$c20230531
$2rusmarc
801#2$aRU
$bПБ им. Б.Н. Ельцина
$c20231107
$gRCR
$2rusmarc
850##$aРГИА
852##$aРГИА
$eФедеральное казенное учреждение "Российский государственный исторический архив" (РГИА)
$j13
937##$hРГИА
$d12402664
$aASBIBLIO_SCAN
035##$aRusGRCC00062071
856##$uhttp://readingroom.main.prlib.ru/item.aspx?id_node=n188690967&mode=full
Формат отображения